[Event "Queenstown op"]
[Site "Queenstown"]
[Date "2006.01.24"]
[Round "10"]
[White "Wallis, Christopher"]
[Black "Adair, Danny"]
[Result "0-1"]
[WhiteElo "2114"]
[BlackElo "2007"]
[PlyCount "104"]
[EventDate "2006.01.15"]
[EventType "swiss"]
[EventRounds "10"]
[EventCountry "NZL"]
[SourceTitle "CBM 110 Extra"]
[Source "ChessBase"]
[SourceDate "2006.03.10"]
[SourceVersion "2"]
[SourceVersionDate "2006.03.10"]
[SourceQuality "1"]

1. d4 d6 2. e4 Nf6 3. Nc3 g6 4. Be3 Bg7 5. Qd2 0-0 6. Bh6 c6 7. 0-0-0 b5 8. f3 Qa5 9. h4 Nbd7 10. h5 e5 11. hxg6 fxg6 12. Bxg7 Kxg7 13. dxe5 dxe5 14. Qh6+ Kg8 15. g4 Rf7 16. g5 Ne8 17. Qh2 Qc7 18. Qf2 Nf8 19. Bh3 Bxh3 20. Nxh3 Ne6 21. Ne2 Nd6 22. Qg3 Nc4 23. Nf2 Raf8 24. Ng4 Rxf3 25. Qh4 Ne3 26. Nxe5 Nxg5 27. Qxg5 Nxd1 28. Nxf3 Nf2 29. Qg2 Nxh1 30. Qxh1 Qf7 31. Ng5 Qe7 32. Qg2 h6 33. Nh3 g5 34. Nd4 Qe5 35. c3 Rf6 36. Nf5 Kf7 37. Qf2 Kg6 38. Qxa7 Qxe4 39. Qg7+ Kxf5 40. Qh7+ Ke5 41. Qe7+ Re6 42. Qg7+ Kd5 43. Qd7+ Kc5 44. Qa7+ Kc4 45. b3+ Kxc3 46. Qc5+ Qc4 47. Qf2 Qd4 48. Qb2+ Kd3 49. Nf2+ Ke3 50. Nd1+ Ke4 51. Qe2+ Kf5 52. Qf3+ Qf4+ 0-1